| 000 | 00977nam0a2200289 4500 | ||
|---|---|---|---|
| 001 | RU\NLR\bibl\39633 | ||
| 005 | 20250615025424.0 | ||
| 010 | _a5-900530-69-8 | ||
| 021 |
_aRU _b99-16874 _9814 |
||
| 035 | _a(NLR Aleph) 000038643 | ||
| 090 |
_a200301 _c200301 |
||
| 100 | _a19990721d1998 |||y0rusy50 ca | ||
| 101 | 0 | _arus | |
| 102 | _aRU | ||
| 105 | _aa ||||||||| | ||
| 200 | 1 |
_aПавловск _eИмперат. дворец и парк _f[Н.С. Третьяков] |
|
| 210 |
_aСПб. _cП-2 _d1998 |
||
| 215 |
_a31 с. _cцв. ил. _d23 |
||
| 607 |
_aПавловск, город (Санкт-Петербург, город) _xАрхитектура _92098882 _3RU\NLR\auth\661269640 |
||
| 686 | _aЩ113(2Р=Рус)92Петербург9Павловск | ||
| 700 | 1 |
_aТретьяков _bН. С. _4070 |
|
| 801 | 0 |
_aRU _bNLR _c19990721 _gPSBO |
|
| 801 | 1 |
_aRU _bNLR _c19990721 |
|
| 852 |
_aNLR _j99-7/1174 |
||
| 942 | _cBOOK | ||
| 980 | _aNB | ||